000 00489nam a22001937a 4500
003 CEME
005 20210628203343.0
008 210115b xxu||||| |||| 00| 0 eng d
020 _a0-393-97083-3
040 _cceme
082 _a519.5 FRE
100 _aFreedman, David, Pisani, Robert, Purves, Roger
_964928
245 _aStatistics
250 _a3RD
260 _aNEW YORK
_bW.W NORTON
_c1997
300 _aXVIII,699 P
650 _aMATHEMATICAL STATISTICS
_961
942 _cBK
_2ddc
999 _c573282
_d573282